logo

Bir Sreshtho Munshi Abdur Rouf Library
Jhenaidah Cadet College

গ্রন্থাগার ও তথ্যবিজ্ঞান পরিচিতি / (Record no. 11004)

MARC details
000 -LEADER
fixed length control field 00871nam a2200229 a 4500
001 - CONTROL NUMBER
JCCL Control Number 11004
003 - CONTROL NUMBER IDENTIFIER
JCCL marc code BD-JhCC
005 - DATE AND TIME OF LATEST TRANSACTION
control field 20190721125922.0
008 - FIXED-LENGTH DATA ELEMENTS--GENERAL INFORMATION
fixed length control field 190621s20102011bg |||| |||| 001 0 ben d
020 ## - INTERNATIONAL STANDARD BOOK NUMBER
International Standard Book Number 8186964274
035 ## - SYSTEM CONTROL NUMBER
system control number (BD-JhCC)11004
040 ## - CATALOGING SOURCE
Original cataloging agency BD-JhCC
Modifying agency BD-JhCC
041 ## - LANGUAGE CODE
Language code of Book ben
082 ## - DEWEY DECIMAL CLASSIFICATION NUMBER
Classification number 020
Author mark and Year RAH 2011
100 ## - MAIN ENTRY--PERSONAL NAME
Personal name রহমান, ড. মোঃ মিজানুর
245 ## - TITLE STATEMENT
Title গ্রন্থাগার ও তথ্যবিজ্ঞান পরিচিতি /
Statement of responsibility, etc ড. মোঃ মিজানুর রহমান,
260 ## - PUBLICATION, DISTRIBUTION, ETC. (IMPRINT)
Place of publication, distribution, etc ঢাকা :
Name of publisher, distributor, etc প্রভা প্রকাশনী,
Date of publication, distribution, etc ২০১১.
300 ## - PHYSICAL DESCRIPTION
Pagination ১-৩ খন্ড :
Dimensions ২২ সেমি.
504 ## - BIBLIOGRAPHY, ETC. NOTE
Bibliography, etc নির্ঘন্ট ও গ্রন্থপঞ্জি অর্ন্তভূক্ত
650 ## - SUBJECT ADDED ENTRY--TOPICAL TERM
Topical term or geographic name as entry element Library Science
942 ## - ADDED ENTRY ELEMENTS (KOHA)
Source of classification or shelving scheme Dewey Decimal Classification
Koha item type Books
Holdings
Source of classification or shelving scheme volume number Damaged status Not for loan Home library Current library Shelving location Date of accession Cost, normal purchase price Total Checkouts Full call number Barcode Date last seen Copy number Koha item type
Dewey Decimal Classification V-1     JCC Rouf Library JCC Rouf Library General Stacks 06/21/2019 500.00   020 RAH 2011 15044 09/30/2023 C-1 Books
Dewey Decimal Classification V-2     JCC Rouf Library JCC Rouf Library General Stacks 06/21/2019 300.00   020 RAH 2011 15045 07/21/2019 C-1 Books
Dewey Decimal Classification V-3     JCC Rouf Library JCC Rouf Library General Stacks 06/21/2019 300.00   020 RAH 2011 15046 09/30/2023 C-1 Books

JCC Library | Contacts | JCC Home

Last Update on 23 September 2017
Copyright @ 2017-2020 JCC Rouf Library
Rouf Library, Jhenidah Cadet College (JCC), Bangladesh